[Event "Katowice rapid op"]
[Site "Katowice"]
[Date "2025.06.02"]
[Round "5"]
[White "Kosiorek, Marek"]
[Black "Raszka, Janusz"]
[Result "1-0"]
[WhiteElo "2328"]
[BlackElo "2066"]
[PlyCount "117"]
[EventDate "2025.05.31"]
[EventType "swiss"]
[EventRounds "11"]
[EventCountry "POL"]
[SourceTitle "CB24_2025"]
[SourceDate "2025.06.11"]
[SourceVersion "1"]
[SourceVersionDate "2025.06.11"]
[SourceQuality "1"]

1. e4 e6 2. d4 d5 3. Nc3 Nf6 4. Bg5 Be7 5. e5 Nfd7 6. h4 a6 7. Qg4 Bxg5 8. hxg5 c5 9. dxc5 Nc6 10. g6 f5 11. exf6 Nxf6 12. Qg3 h6 13. 0-0-0 0-0 14. Bd3 Qa5 15. Nf3 Qxc5 16. Rhe1 b5 17. Kb1 Bd7 18. Rd2 b4 19. Na4 Qa5 20. b3 Nd8 21. Nb2 Qb6 22. Ne5 Bb5 23. f3 a5 24. Bxb5 Qxb5 25. Na4 Rc8 26. Rde2 Nh5 27. Qh2 Nf4 28. Rd2 Nc6 29. Nd7 Nxg6 30. Nxf8 Nxf8 31. Qd6 Nd8 32. f4 Nf7 33. Qe7 Qc6 34. Qa7 Nd6 35. Qxa5 Ne4 36. Rde2 Rb8 37. Rxe4 dxe4 38. Qe5 Re8 39. Qxe4 Qd6 40. Nb2 Nd7 41. Nd3 Nf6 42. Qxb4 Qd5 43. Re2 Rc8 44. Kb2 Re8 45. Ne5 Nh5 46. Rd2 Qa8 47. g4 Nf6 48. Qd4 Qa5 49. g5 hxg5 50. fxg5 Nd5 51. Nc4 Qd8 52. Qh4 Qe7 53. Rh2 Qc5 54. Qh8+ Kf7 55. g6+ Ke7 56. Qxg7+ Kd8 57. Rh7 Ne7 58. Qe5 Nc6 59. Qc7# 1-0

[Event "Katowice rapid op"]
[Site "Katowice"]
[Date "2025.05.31"]
[Round "10"]
[White "Raszka, Janusz"]
[Black "Pekala, Dawid"]
[Result "0-1"]
[WhiteElo "2066"]
[BlackElo "1961"]
[PlyCount "84"]
[EventDate "2025.05.31"]
[EventType "swiss"]
[EventRounds "11"]
[EventCountry "POL"]
[SourceTitle "CB24_2025"]
[SourceDate "2025.06.11"]
[SourceVersion "1"]
[SourceVersionDate "2025.06.11"]
[SourceQuality "1"]

1. e4 c5 2. Nf3 d6 3. d4 cxd4 4. Nxd4 Nf6 5. Nc3 Bd7 6. Bd3 Nc6 7. Nxc6 Bxc6 8. 0-0 e5 9. f4 Be7 10. f5 d5 11. exd5 Nxd5 12. Nxd5 Qxd5 13. Qe2 0-0 14. Be3 Bc5 15. Bxc5 Qxc5+ 16. Kh1 f6 17. Bc4+ Kh8 18. Rfd1 Rad8 19. Be6 b5 20. Rxd8 Rxd8 21. Rd1 Rxd1+ 22. Qxd1 Qd4 23. Qxd4 exd4 24. Kg1 b4 25. g4 h5 26. Kf2 hxg4 27. Kg3 Be4 28. Kxg4 Bxc2 29. Kf4 g6 30. fxg6 Bxg6 31. Kf3 Kg7 32. Ke2 Be4 33. Bc4 f5 34. Kf2 f4 35. Ke2 Kf6 36. Kf2 Kg5 37. Be2 d3 38. Bd1 Kh4 39. Bb3 Kh3 40. Kg1 Bf5 41. Kf2 Bg4 42. Kg1 d2 0-1

[Event "Malopolska-ch"]
[Site "Krakow"]
[Date "2024.05.30"]
[Round "2"]
[White "Mis, Mieszko"]
[Black "Raszka, Janusz"]
[Result "1-0"]
[WhiteElo "2333"]
[BlackElo "2039"]
[PlyCount "87"]
[EventDate "2024.05.30"]
[EventType "swiss"]
[EventRounds "7"]
[EventCountry "POL"]
[SourceTitle "EXT 2025"]
[Source "ChessBase"]
[SourceDate "2024.10.14"]
[SourceVersion "1"]
[SourceVersionDate "2024.10.14"]
[SourceQuality "1"]

1. Nf3 c5 2. c4 Nf6 3. b3 Nc6 4. Bb2 d5 5. cxd5 Nxd5 6. e3 Ndb4 7. d3 Bf5 8. e4 Bg4 9. a3 Bxf3 10. gxf3 Na6 11. Nd2 Nc7 12. f4 Ne6 13. f5 Ned4 14. Bg2 Qd6 15. Nc4 Qf4 16. 0-0 g6 17. b4 gxf5 18. b5 Rg8 19. Kh1 Nxb5 20. e5 Nbd4 21. Bxd4 Qxd4 22. Rb1 0-0-0 23. Bxc6 bxc6 24. Qa4 Qd5+ 25. f3 Kd7 26. Ne3 Qe6 27. Qxa7+ Ke8 28. Rb8 f6 29. Rxd8+ Kxd8 30. Qb8+ Qc8 31. Qxc8+ Kxc8 32. e6 f4 33. Nc4 Kc7 34. a4 Bh6 35. Rb1 f5 36. a5 Rd8 37. a6 Rb8 38. Rxb8 Kxb8 39. Ne5 Bg5 40. Nxc6+ Kc7 41. a7 Kb7 42. Kg2 Bf6 43. Kf1 Bd4 44. Nxe7 1-0

[Event "Moravia-Silesia Region-chT 2223"]
[Site "Czech Republic"]
[Date "2023.02.26"]
[Round "9"]
[White "Didi, Jan"]
[Black "Raszka, Janusz"]
[Result "0-1"]
[WhiteElo "2018"]
[BlackElo "1953"]
[PlyCount "120"]
[EventDate "2022.10.09"]
[EventType "team-tourn"]
[EventRounds "11"]
[EventCountry "CZE"]
[SourceTitle "EXT 2024"]
[Source "ChessBase"]
[SourceDate "2023.10.10"]
[SourceVersion "1"]
[SourceVersionDate "2023.10.10"]
[SourceQuality "1"]
[WhiteTeam "Ostrava III"]
[BlackTeam "Karvina"]
[WhiteTeamCountry "CZE"]
[BlackTeamCountry "CZE"]

1. e4 c5 2. Nf3 e6 3. d4 cxd4 4. Nxd4 a6 5. Nc3 b5 6. a3 Bb7 7. Be3 Nf6 8. Bd3 Nc6 9. 0-0 Be7 10. Kh1 0-0 11. f4 d6 12. Qf3 Qc7 13. Rae1 Nd7 14. Qh3 Nxd4 15. Bxd4 e5 16. Nd5 Qd8 17. Bg1 Re8 18. fxe5 dxe5 19. c4 Bc6 20. Rc1 Bd6 21. Rfd1 Bxd5 22. cxd5 Rc8 23. a4 bxa4 24. Bxa6 Rb8 25. Rc6 Nf6 26. Qd3 Rxb2 27. Rdc1 a3 28. Rc8 Qa5 29. R8c6 a2 30. Ra1 Rd8 31. Bc4 Bf8 32. Ra6 Qd2 33. Qxd2 Rxd2 34. R6xa2 Rxa2 35. Rxa2 Nxe4 36. g3 Bc5 37. Bxc5 Nxc5 38. Kg2 Kf8 39. Ra5 Nd7 40. Ra7 Nb6 41. Bb3 f6 42. Kf3 Nxd5 43. Ke4 Ne7 44. Be6 g6 45. g4 Rd6 46. Ba2 Rd4+ 47. Kf3 Rd8 48. Ke3 h6 49. Be6 Rd6 50. Ba2 f5 51. gxf5 gxf5 52. Kf3 Rd3+ 53. Kg2 e4 54. Bb1 Rc3 55. Ba2 Rc2+ 56. Kg3 Rd2 57. Be6 Rd3+ 58. Kf2 f4 59. Bc4 Rd2+ 60. Kg1 f3 0-1

[Event "Ustron op-B"]
[Site "Ustron"]
[Date "2022.08.20"]
[Round "9"]
[White "Raszka, Janusz"]
[Black "Kostecka, Marika"]
[Result "1-0"]
[WhiteElo "1924"]
[BlackElo "1862"]
[PlyCount "101"]
[EventDate "2022.08.12"]
[EventType "swiss"]
[EventRounds "9"]
[EventCountry "POL"]
[SourceTitle "CBM 209 Extra"]
[Source "ChessBase"]
[SourceDate "2022.09.30"]
[SourceVersion "1"]
[SourceVersionDate "2022.09.30"]
[SourceQuality "1"]

1. d4 Nf6 2. c4 e6 3. Nc3 Bb4 4. Qc2 d5 5. e3 c5 6. dxc5 Ne4 7. Bd2 Nxd2 8. Qxd2 dxc4 9. Qxd8+ Kxd8 10. 0-0-0+ Ke7 11. Ne4 f5 12. a3 fxe4 13. axb4 Na6 14. Rd4 Nxb4 15. Rxc4 Nd3+ 16. Bxd3 exd3 17. Rd4 Rd8 18. Rxd8 Kxd8 19. Kd2 Bd7 20. Kxd3 Rc8 21. b4 a5 22. Nf3 axb4 23. Kd4 Ra8 24. Rd1 Ra2 25. Kc4 Kc7 26. Rd2 Ra1 27. Kxb4 Rb1+ 28. Kc3 Rc1+ 29. Kd4 Bc6 30. e4 Bb5 31. Ne5 Rh1 32. h3 Rh2 33. f4 Bf1 34. Rf2 Rh1 35. Nf3 Bb5 36. Ng5 Kd7 37. Rb2 Ba6 38. Rb6 Rd1+ 39. Ke5 Rc1 40. Rd6+ Ke7 41. Rxe6+ Kd7 42. Rd6+ Ke7 43. Ne6 g6 44. Rb6 h6 45. g4 Rc3 46. h4 Rc1 47. f5 gxf5 48. gxf5 Rc2 49. f6+ Ke8 50. c6 Rxc6 51. f7+ 1-0

[Event "Ustron op-B"]
[Site "Ustron"]
[Date "2022.08.19"]
[Round "8"]
[White "Teo, Hong Ming"]
[Black "Raszka, Janusz"]
[Result "1/2-1/2"]
[WhiteElo "2009"]
[BlackElo "1924"]
[PlyCount "118"]
[EventDate "2022.08.12"]
[EventType "swiss"]
[EventRounds "9"]
[EventCountry "POL"]
[SourceTitle "CBM 209 Extra"]
[Source "ChessBase"]
[SourceDate "2022.09.30"]
[SourceVersion "1"]
[SourceVersionDate "2022.09.30"]
[SourceQuality "1"]

1. d4 d5 2. c4 dxc4 3. e3 Nf6 4. Bxc4 e6 5. Nf3 a6 6. 0-0 c5 7. Nbd2 b5 8. Be2 Nbd7 9. a4 Rb8 10. axb5 axb5 11. b3 Be7 12. Bb2 0-0 13. Qc2 Qb6 14. Rfc1 Nd5 15. Ne4 cxd4 16. Bxd4 Qd8 17. Ra7 Re8 18. Ne5 Nxe5 19. Bxe5 Rb7 20. Ra8 Nb6 21. Bxb5 Rf8 22. Raa1 Qd5 23. Bxg7 Kxg7 24. Bc6 Qd8 25. Bxb7 Bxb7 26. Nc5 Ba8 27. Ra7 Re8 28. h3 Qb8 29. Qa2 Qd6 30. b4 Kg8 31. Qe2 Qd5 32. e4 Qe5 33. Qg4+ Kh8 34. Qf3 f5 35. Qh5 Bc6 36. Qf7 Qf6 37. Qxe6 Qxe6 38. Nxe6 Bxe4 39. Rcc7 Bf6 40. Rxh7+ Kg8 41. Nc5 Bc6 42. f3 Bd4+ 43. Kh2 Be5+ 44. Kg1 Bd4+ 45. Kh2 Nc8 46. Raf7 Nd6 47. Re7 Be5+ 48. g3 Ra8 49. Ra7 Rb8 50. Nd7 Bxd7 51. Rhxd7 Ne8 52. f4 Bc3 53. Rab7 Ra8 54. h4 Nf6 55. Rd3 Ng4+ 56. Kg1 Ra1+ 57. Kg2 Ra2+ 58. Kg1 Ra1+ 59. Kg2 Ra2+ 1/2-1/2

[Event "CZE-chT2F 2122"]
[Site "Czech Republic"]
[Date "2022.01.16"]
[Round "6.1"]
[White "Michenka, Jozef"]
[Black "Raszka, Janusz"]
[Result "1-0"]
[WhiteElo "2312"]
[BlackElo "1987"]
[PlyCount "107"]
[EventDate "2021.10.17"]
[EventType "team-tourn"]
[EventRounds "11"]
[EventCountry "CZE"]
[SourceTitle "EXT 2024"]
[Source "ChessBase"]
[SourceDate "2023.10.10"]
[SourceVersion "1"]
[SourceVersionDate "2023.10.10"]
[SourceQuality "1"]
[WhiteTeam "Ostrava"]
[BlackTeam "Karvina"]
[WhiteTeamCountry "CZE"]
[BlackTeamCountry "CZE"]

1. d4 d5 2. c4 e6 3. Nc3 Nf6 4. cxd5 exd5 5. Bg5 Be7 6. e3 0-0 7. Bd3 h6 8. Bh4 c6 9. Qc2 Re8 10. Nge2 Ne4 11. Bxe7 Qxe7 12. Bxe4 dxe4 13. 0-0 Na6 14. Ng3 f5 15. a3 Nc7 16. f3 Nd5 17. Rae1 Nxc3 18. Qxc3 exf3 19. Rxf3 Rf8 20. Ref1 Re8 21. Nh5 Rf8 22. Nf4 Rf6 23. Nh5 Rf8 24. Rg3 g5 25. Nf4 Kh7 26. Nd3 Be6 27. Rgf3 Bd5 28. R3f2 Rae8 29. Ne5 Be4 30. b4 Qd6 31. Qc5 Qxc5 32. bxc5 b5 33. g4 a5 34. gxf5 Rf6 35. Ng4 Kg7 36. h4 Bd3 37. Nxf6 Kxf6 38. hxg5+ hxg5 39. Re1 Be4 40. Kh2 b4 41. axb4 axb4 42. Rb2 Rb8 43. d5 Bxd5 44. e4 Bc4 45. e5+ Kxf5 46. e6 b3 47. Kg3 Re8 48. e7 Kf6 49. Rf2+ Kg7 50. Re5 Bf7 51. Kg4 Rb8 52. Rxg5+ Bg6 53. Rxg6+ Kxg6 54. Rf8 1-0

[Event "CZE-chT2F 2122"]
[Site "Czech Republic"]
[Date "2021.12.05"]
[Round "4.2"]
[White "Raszka, Janusz"]
[Black "Sramek, Vojtech"]
[Result "1/2-1/2"]
[WhiteElo "1990"]
[BlackElo "2208"]
[PlyCount "108"]
[EventDate "2021.10.17"]
[EventType "team-tourn"]
[EventRounds "11"]
[EventCountry "CZE"]
[SourceTitle "EXT 2024"]
[Source "ChessBase"]
[SourceDate "2023.10.10"]
[SourceVersion "1"]
[SourceVersionDate "2023.10.10"]
[SourceQuality "1"]
[WhiteTeam "Karvina"]
[BlackTeam "Orlova Slavia II"]
[WhiteTeamCountry "CZE"]
[BlackTeamCountry "CZE"]

1. d4 Nf6 2. c4 e6 3. Nc3 c5 4. d5 exd5 5. Nxd5 d6 6. Bg5 Be7 7. Nxe7 Qxe7 8. Bf4 d5 9. cxd5 Qe4 10. e3 0-0 11. d6 Re8 12. Ne2 Nc6 13. a3 Ne5 14. Bxe5 Qxe5 15. Nc3 Bg4 16. Qb3 Qxd6 17. Bc4 Bh5 18. h3 a6 19. Be2 Bxe2 20. Nxe2 Ne4 21. Rd1 Qc6 22. 0-0 Rad8 23. Qc2 h6 24. Nc3 Nxc3 25. Qxc3 Rd5 26. Rxd5 Qxd5 27. Rc1 Re5 28. Qc2 Qd6 29. Qb3 Qc6 30. Rd1 c4 31. Rd8+ Kh7 32. Qd1 Re7 33. Rd6 Qc7 34. h4 Qc8 35. Qc2+ Kg8 36. Qd1 Re8 37. Qd5 b5 38. Qd4 Qc7 39. g3 a5 40. Qd5 Rf8 41. Rc6 Qb7 42. Qd6 Qb8 43. Qc5 Rd8 44. Kh2 Qb7 45. h5 Rd2 46. Kg1 Rd8 47. e4 Qd7 48. Qxb5 Qh3 49. Rd6 Rxd6 50. Qb8+ Kh7 51. Qxd6 Qxh5 52. a4 Qe2 53. Qd5 Qxb2 54. Qxc4 Qb4 1/2-1/2

[Event "Ustron op-B"]
[Site "Ustron"]
[Date "2020.08.15"]
[Round "8"]
[White "Jedrusik, Adam"]
[Black "Raszka, Janusz"]
[Result "1/2-1/2"]
[WhiteElo "1916"]
[BlackElo "2081"]
[PlyCount "91"]
[EventDate "2020.08.15"]
[EventType "swiss"]
[EventRounds "9"]
[EventCountry "POL"]
[SourceTitle "EXT 2021"]
[Source "ChessBase"]
[SourceDate "2020.10.23"]
[SourceVersion "1"]
[SourceVersionDate "2020.10.23"]
[SourceQuality "1"]

1. d4 d5 2. Bf4 Nf6 3. e3 e6 4. Nd2 Bd6 5. Bg3 0-0 6. Ngf3 c5 7. c3 Nc6 8. Bb5 Re8 9. Ne5 Qc7 10. Qf3 Bd7 11. Bxc6 bxc6 12. 0-0 c4 13. e4 Rab8 14. b3 cxb3 15. axb3 Bc8 16. b4 a6 17. Nd3 Nd7 18. Bxd6 Qxd6 19. e5 Qe7 20. Nb3 f5 21. Ndc5 Nxc5 22. Nxc5 Rb6 23. Qe2 f4 24. f3 Rf8 25. Nxa6 Bd7 26. Nc5 Be8 27. Ra8 Bf7 28. Rfa1 Rbb8 29. Rxb8 Rxb8 30. Ra6 Rc8 31. Qa2 Qh4 32. Qa1 h5 33. Ra8 Rxa8 34. Qxa8+ Kh7 35. Nd3 Qg5 36. Qxc6 Qf5 37. Qa6 Bg6 38. Ne1 Qb1 39. Qe2 Qc1 40. b5 Qxc3 41. Qf2 Qb4 42. b6 Qxb6 43. Qd2 Qb1 44. Kf2 Qf5 45. g3 fxg3+ 46. hxg3 1/2-1/2

[Event "Ustron op-B"]
[Site "Ustron"]
[Date "2020.08.15"]
[Round "3"]
[White "Raszka, Janusz"]
[Black "Skurniak, Szymon"]
[Result "1/2-1/2"]
[WhiteElo "2081"]
[BlackElo "1987"]
[PlyCount "133"]
[EventDate "2020.08.15"]
[EventType "swiss"]
[EventRounds "9"]
[EventCountry "POL"]
[SourceTitle "EXT 2021"]
[Source "ChessBase"]
[SourceDate "2020.10.23"]
[SourceVersion "1"]
[SourceVersionDate "2020.10.23"]
[SourceQuality "1"]

1. d4 Nf6 2. c4 g6 3. Nc3 d5 4. Nf3 Bg7 5. e3 0-0 6. Be2 dxc4 7. Bxc4 c5 8. 0-0 cxd4 9. exd4 Nc6 10. h3 Bf5 11. Re1 Rc8 12. Bb3 Na5 13. Bc2 Bxc2 14. Qxc2 Nd5 15. Bg5 Re8 16. Qa4 Nxc3 17. bxc3 b6 18. Rac1 f6 19. Be3 Rc4 20. Qb5 Qc8 21. Nd2 Qc6 22. Qxc6 Rxc6 23. c4 Rec8 24. c5 bxc5 25. Rxc5 Nb7 26. Rb5 Nd6 27. Ra5 R6c7 28. d5 f5 29. Rxa7 Rxa7 30. Bxa7 Bc3 31. Re2 Ra8 32. Nb1 Bf6 33. Bc5 Ne4 34. Bb4 Kf7 35. a3 Rd8 36. Nd2 Nc3 37. Bxc3 Bxc3 38. Nf3 Rxd5 39. Ng5+ Kg7 40. a4 h6 41. Nf3 e5 42. Rc2 Ba5 43. Nh4 Rd4 44. g3 Rxa4 45. Rc6 Bd8 46. Nxg6 Bf6 47. Nf8 Ra7 48. Ne6+ Kf7 49. Nc7 Ra5 50. Rd6 Rc5 51. Nd5 Bg7 52. Ne3 e4 53. g4 Rc1+ 54. Rd1 Rxd1+ 55. Nxd1 f4 56. Kf1 Kg6 57. Ke2 Kg5 58. f3 e3 59. Nxe3 fxe3 60. Kxe3 Be5 61. h4+ Kxh4 62. f4 Bf6 63. g5 Bxg5 64. Kf3 Bf6 65. Kg2 Kg4 66. f5 h5 67. Kh1 1/2-1/2

[Event "CZE-chT1E 1920"]
[Site "Czech Republic"]
[Date "2020.03.01"]
[Round "9.5"]
[White "Raszka, Janusz"]
[Black "Frank, Adam"]
[Result "1/2-1/2"]
[WhiteElo "2119"]
[BlackElo "2059"]
[PlyCount "173"]
[EventDate "2019.10.20"]
[EventType "team-tourn"]
[EventRounds "11"]
[EventCountry "CZE"]
[SourceTitle "CBM 195 Extra"]
[Source "ChessBase"]
[SourceDate "2020.05.31"]
[SourceVersion "1"]
[SourceVersionDate "2020.05.31"]
[SourceQuality "1"]
[WhiteTeam "Cesky Tesin"]
[BlackTeam "Frydek Mistek II"]
[WhiteTeamCountry "CZE"]
[BlackTeamCountry "CZE"]

1. e4 e5 2. Nf3 Nc6 3. Nc3 Nf6 4. Bb5 Nd4 5. Ba4 c6 6. d3 d6 7. Nxd4 exd4 8. Ne2 Qa5+ 9. c3 dxc3 10. bxc3 Be7 11. 0-0 0-0 12. Bc2 Re8 13. Bd2 Bf8 14. Ng3 d5 15. f3 Ba3 16. Rb1 Bd6 17. Bb3 Qc7 18. Qe1 h5 19. Bg5 Nh7 20. Be3 h4 21. Ne2 Bxh2+ 22. Kh1 Bg3 23. Nxg3 hxg3 24. f4 dxe4 25. Qxg3 c5 26. dxe4 Rxe4 27. Bd5 Re8 28. Rb5 b6 29. c4 Bb7 30. Bxb7 Qxb7 31. Bxc5 Qe4 32. Bd6 Qxc4 33. Rbb1 Re6 34. Be5 Rg6 35. Qf2 Nf6 36. Rbc1 Qe4 37. Qf3 Re8 38. Bxf6 Rxf6 39. Qxe4 Rxe4 40. Rc7 Re2 41. Rxa7 Rg6 42. Rf3 Rgxg2 43. Ra8+ Kh7 44. Rh3+ Kg6 45. Ra6 Rxa2 46. Rxb6+ f6 47. Rb5 Rgb2 48. Rg3+ Kf7 49. Rxb2 Rxb2 50. Kg1 Ra2 51. f5 Ra4 52. Rb3 Rf4 53. Rb5 Re4 54. Rb3 Rf4 55. Rb5 Kg8 56. Kg2 Kh7 57. Kg3 Ra4 58. Rb7 Kh6 59. Rc7 Ra3+ 60. Kf4 Ra4+ 61. Kg3 Ra1 62. Kf4 Rg1 63. Rc8 Kh7 64. Ra8 Rb1 65. Ra7 Kh6 66. Rc7 Rf1+ 67. Ke4 Rg1 68. Ra7 Kh5 69. Kf4 Rg4+ 70. Kf3 Kh4 71. Rb7 Rg3+ 72. Kf4 Kh3 73. Ra7 Rg4+ 74. Kf3 Rg5 75. Kf4 Kg2 76. Ra2+ Kf1 77. Rb2 Rh5 78. Rb7 Kf2 79. Rb2+ Kg1 80. Rb1+ Kf2 81. Rb2+ Ke1 82. Rg2 Rh4+ 83. Ke3 Rh3+ 84. Kd4 Rf3 85. Ke4 Ra3 86. Rxg7 Kf2 87. Rb7 1/2-1/2

[Event "CZE-chT2F 1920"]
[Site "Czech Republic"]
[Date "2020.02.09"]
[Round "8.4"]
[White "Raszka, Janusz"]
[Black "Kostka, Vit"]
[Result "0-1"]
[WhiteElo "2094"]
[BlackElo "2120"]
[PlyCount "80"]
[EventDate "2019.10.13"]
[EventType "team-tourn"]
[EventRounds "11"]
[EventCountry "CZE"]
[SourceTitle "EXT 2024"]
[Source "ChessBase"]
[SourceDate "2023.10.10"]
[SourceVersion "1"]
[SourceVersionDate "2023.10.10"]
[SourceQuality "1"]
[WhiteTeam "Karvina"]
[BlackTeam "Orlova Slavia II"]
[WhiteTeamCountry "CZE"]
[BlackTeamCountry "CZE"]

1. d4 Nf6 2. c4 g6 3. Nc3 Bg7 4. e4 d6 5. Nf3 0-0 6. h3 e5 7. d5 a5 8. Be3 Na6 9. Bd3 Nh5 10. Qd2 f5 11. exf5 gxf5 12. g4 Nf4 13. Bxf4 exf4 14. 0-0-0 Nc5 15. Bxf5 Bxf5 16. gxf5 Rxf5 17. Rhg1 Kh8 18. Rg4 Qf6 19. Rdg1 Rg8 20. Kb1 Qh6 21. Qc2 Qf6 22. Ng5 a4 23. a3 h6 24. Nge4 Nxe4 25. Nxe4 Qe5 26. f3 Rf7 27. R1g2 b5 28. cxb5 Qxd5 29. Qxa4 Rb8 30. b6 Rxb6 31. Rd2 Qe5 32. Rgg2 Rf8 33. Rc2 Rfb8 34. Nc3 Qe1+ 35. Ka2 Qe6+ 36. Ka1 Qe1+ 37. Nb1 Qe5 38. Rge2 Rxb2 39. Rxe5 Rxb1+ 40. Ka2 Bxe5 0-1

[Event "CZE-chT2F 1920"]
[Site "Czech Republic"]
[Date "2019.12.15"]
[Round "5.6"]
[White "Milat, Patrik"]
[Black "Raszka, Janusz"]
[Result "0-1"]
[WhiteElo "2051"]
[BlackElo "2082"]
[PlyCount "52"]
[EventDate "2019.10.13"]
[EventType "team-tourn"]
[EventRounds "11"]
[EventCountry "CZE"]
[SourceTitle "EXT 2024"]
[Source "ChessBase"]
[SourceDate "2023.10.10"]
[SourceVersion "1"]
[SourceVersionDate "2023.10.10"]
[SourceQuality "1"]
[WhiteTeam "Poruba Slavoj III"]
[BlackTeam "Karvina"]
[WhiteTeamCountry "CZE"]
[BlackTeamCountry "CZE"]

1. d4 d5 2. c4 dxc4 3. e4 e5 4. d5 f5 5. Nc3 Nf6 6. Bg5 h6 7. Bxf6 Qxf6 8. Bxc4 Bd6 9. Qa4+ Nd7 10. Nf3 0-0 11. Qc2 Nc5 12. Nd2 Qg6 13. 0-0-0 Qxg2 14. Rdg1 Qh3 15. Rg3 Qh5 16. Rhg1 Rf7 17. b4 Nxe4 18. Ndxe4 fxe4 19. Nxe4 Qh4 20. Bd3 Bd7 21. Nc5 e4 22. Bxe4 Bxg3 23. Rxg3 Qxh2 24. d6 Rxf2 25. Qc4+ Kh8 26. Rg6 Bf5 0-1

[Event "CZE-chT1E 1920"]
[Site "Czech Republic"]
[Date "2019.10.20"]
[Round "1.1"]
[White "Raszka, Janusz"]
[Black "Hladik, Oto"]
[Result "0-1"]
[WhiteElo "2119"]
[BlackElo "2178"]
[PlyCount "54"]
[EventDate "2019.10.20"]
[EventType "team-tourn"]
[EventRounds "11"]
[EventCountry "CZE"]
[SourceTitle "CBM 192 Extra"]
[Source "Chessbase"]
[SourceDate "2019.11.06"]
[SourceVersion "1"]
[SourceVersionDate "2019.11.06"]
[SourceQuality "1"]
[WhiteTeam "Cesky Tesin"]
[BlackTeam "Ostrava"]
[WhiteTeamCountry "CZE"]
[BlackTeamCountry "CZE"]

1. d4 Nf6 2. c4 g6 3. Nc3 Bg7 4. e4 d6 5. f4 0-0 6. Nf3 c5 7. d5 e6 8. dxe6 Bxe6 9. Be2 Nc6 10. 0-0 Nd4 11. Qd3 Re8 12. Nxd4 cxd4 13. Nd5 Nxe4 14. Qxe4 Bxd5 15. Qxd5 Rxe2 16. Qxb7 d3 17. Qd5 Qb6+ 18. Kh1 Rae8 19. f5 Re1 20. Qxd3 Qf2 21. Bd2 Rxa1 22. Rxa1 Re2 23. Qd5 Rxd2 24. Qa8+ Bf8 25. fxg6 hxg6 26. b4 d5 27. Rg1 dxc4 0-1

[Event "Jastrzebie Zdroj op"]
[Site "Jastrzebie Zdroj"]
[Date "2018.08.18"]
[Round "1"]
[White "Palczert, Hajnalka"]
[Black "Raszka, Janusz"]
[Result "0-1"]
[WhiteElo "1451"]
[BlackElo "2140"]
[PlyCount "56"]
[EventDate "2018.08.18"]
[EventType "swiss"]
[EventRounds "9"]
[EventCountry "POL"]
[SourceTitle "CBM 186 Extra"]
[Source "ChessBase"]
[SourceDate "2018.08.24"]
[SourceVersion "1"]
[SourceVersionDate "2018.08.24"]
[SourceQuality "1"]

1. Nf3 Nf6 2. g3 c5 3. Bg2 Nc6 4. 0-0 e5 5. e3 d5 6. d4 e4 7. Ne1 Bg4 8. f3 Be6 9. b3 h5 10. Bb2 h4 11. Nd2 hxg3 12. hxg3 cxd4 13. exd4 Qc7 14. f4 Bg4 15. Qc1 Qb6 16. c3 Nh5 17. Kf2 g5 18. Nb1 gxf4 19. gxf4 Bd6 20. Rh1 0-0-0 21. Nc2 Bxf4 22. Ne3 Ne7 23. c4 Qf6 24. Ke1 Qg5 25. cxd5+ Kb8 26. d6 Rxd6 27. Qc5 Bg3+ 28. Kf1 Qf4+ 0-1

[Event "Katowice POL-HUN 6th"]
[Site "Katowice"]
[Date "2018.05.06"]
[Round "6"]
[White "Kyc, Jerzy"]
[Black "Raszka, Janusz"]
[Result "0-1"]
[WhiteElo "2252"]
[BlackElo "2149"]
[PlyCount "54"]
[EventDate "2018.05.05"]
[EventType "swiss (rapid)"]
[EventRounds "9"]
[EventCountry "POL"]
[SourceTitle "CBM 184 Extra"]
[Source "ChessBase"]
[SourceDate "2018.06.28"]
[SourceVersion "1"]
[SourceVersionDate "2018.06.28"]
[SourceQuality "1"]

1. e4 e6 2. d4 d5 3. Nd2 Nf6 4. e5 Nfd7 5. Bd3 c5 6. c3 Nc6 7. Ne2 Qb6 8. Nf3 cxd4 9. cxd4 f6 10. exf6 Nxf6 11. 0-0 Bd6 12. Bf4 Bxf4 13. Nxf4 Qxb2 14. Re1 0-0 15. Rb1 Qxa2 16. Nxe6 Bxe6 17. Rxe6 Rab8 18. Bb5 Ne4 19. Bxc6 Qxf2+ 20. Kh1 bxc6 21. Rxb8 Rxb8 22. Rxc6 Qxf3 23. Qc1 Qf5 24. h3 Rb1 25. Rc8+ Kf7 26. Rc7+ Kg6 27. Rc6+ Nf6 0-1

[Event "Katowice POL-HUN 6th"]
[Site "Katowice"]
[Date "2018.05.06"]
[Round "7"]
[White "Raszka, Janusz"]
[Black "Razin, Vadim"]
[Result "0-1"]
[WhiteElo "2149"]
[BlackElo "2381"]
[PlyCount "126"]
[EventDate "2018.05.05"]
[EventType "swiss (rapid)"]
[EventRounds "9"]
[EventCountry "POL"]
[SourceTitle "CBM 184 Extra"]
[Source "ChessBase"]
[SourceDate "2018.06.28"]
[SourceVersion "1"]
[SourceVersionDate "2018.06.28"]
[SourceQuality "1"]

1. e4 e6 2. d4 d5 3. Nd2 c5 4. exd5 Qxd5 5. Ngf3 cxd4 6. Bc4 Qc5 7. Qe2 Nf6 8. Nb3 Qc7 9. Nbxd4 a6 10. 0-0 Be7 11. Ne5 0-0 12. Nxf7 Rxf7 13. Nxe6 Bxe6 14. Qxe6 Bf8 15. Bf4 Qd7 16. Rad1 Qxe6 17. Bxe6 Nc6 18. Rfe1 Bc5 19. c3 a5 20. h3 h6 21. g4 Raf8 22. Kg2 Kh7 23. Bxf7 Rxf7 24. Bg3 Ne7 25. Bd6 Bxd6 26. Rxd6 Ng6 27. Kg3 h5 28. b4 h4+ 29. Kh2 axb4 30. cxb4 Nd7 31. Re2 Nde5 32. Kh1 Rf3 33. Re3 Rxf2 34. Kg1 Rxa2 35. Rd5 Nf7 36. Rh5+ Nh6 37. g5 Nf4 38. Rxh4 Ng6 39. Rh5 Nf4 40. Rh4 Ng6 41. Rh5 Ra1+ 42. Kf2 Nf4 43. Rh4 Ra2+ 44. Kf3 Ng2 45. g6+ Kxg6 46. Re6+ Kf7 47. Rhxh6 gxh6 48. Rxh6 Ne1+ 49. Ke4 b5 50. Rb6 Re2+ 51. Kd5 Nd3 52. Rxb5 Re5+ 53. Kc6 Re6+ 54. Kc7 Re4 55. Rb7 Nxb4 56. Kd6+ Kf6 57. Kc5 Nd3+ 58. Kd5 Rh4 59. Rb1 Kf5 60. Rh1 Nf4+ 61. Kd4 Ne2+ 62. Ke3 Ng3 63. Kf3 Nxh1 0-1

[Event "CZE-chT1E 1718"]
[Site "Czech Republic"]
[Date "2018.02.04"]
[Round "7.1"]
[White "Kratochvil, Karel"]
[Black "Raszka, Janusz"]
[Result "0-1"]
[WhiteElo "2193"]
[BlackElo "2116"]
[PlyCount "116"]
[EventDate "2017.10.22"]
[EventType "team-tourn"]
[EventRounds "11"]
[EventCountry "CZE"]
[SourceTitle "EXT 2019"]
[Source "ChessBase"]
[SourceDate "2018.10.10"]
[SourceVersion "1"]
[SourceVersionDate "2018.10.10"]
[SourceQuality "1"]
[WhiteTeam "Brno Lokomotiva"]
[BlackTeam "Cesky Tesin"]
[WhiteTeamCountry "CZE"]
[BlackTeamCountry "CZE"]

1. d4 d5 2. c4 dxc4 3. e3 Nf6 4. Bxc4 e6 5. Nc3 a6 6. a4 Be7 7. Nf3 0-0 8. 0-0 b6 9. Qe2 Bb7 10. Rd1 c6 11. Bb3 b5 12. axb5 cxb5 13. d5 Nxd5 14. Nxd5 exd5 15. e4 d4 16. Nxd4 Qc7 17. Qf3 Nc6 18. Nf5 Bf6 19. Bf4 Be5 20. Bxe5 Qxe5 21. Rd7 Qxb2 22. Ra2 Qc1+ 23. Rd1 Qc5 24. Rc2 Qe5 25. Rcd2 Nd8 26. Nd6 Bc6 27. Rc2 Ra7 28. Qe3 Rd7 29. f4 Qe7 30. e5 a5 31. Rcd2 a4 32. Ba2 Nb7 33. Qb6 Nd8 34. Qe3 Qh4 35. Nxf7 Rdxf7 36. e6 Re7 37. Rxd8 Be8 38. g3 Qf6 39. Qc5 g6 40. R1d4 Kg7 41. h3 Rb7 42. Bd5 Re7 43. g4 Rxe6 44. Bxe6 Qxe6 45. R4d7+ Kg8 46. Re7 Qc6 47. Qd4 Bf7 48. Qh8+ Kxh8 49. Rxf8+ Bg8 50. Ree8 Qc5+ 51. Kg2 Qd5+ 52. Kg3 a3 53. Rd8 Qb3+ 54. Kh4 a2 55. Ra8 b4 56. Kg5 Kg7 57. Rfd8 Bf7 58. h4 h6# 0-1